00549nam a22001937a 450000500170000001000190001702000260003602000260006203500180008803700090010608200110011510000160012624500500014225000060019226000410019827000880023930000200032749000080034720250724114103.0 aENG-146109-110 a9789367132074c730.00 a9789367139424c680.00 aEN-129641-642 bDBAD a53027 aAbhay Kumar aObjective Physics for NEET 2026/cAbhay Kumar a7 aNoidabPearson India Educationc2025 a15th Floor, Towe-B, World Trade Tower, Plot No.1, Block-C, Sector-16bNoidae201301 avpp.c25cm(pbk) v1,2